000 00422nam a2200157Ia 4500
008 160316s1997 xxu||||| |||| 00| 0 eng d
082 _a343.056000
_bMUK-II
100 _aMukerjee T P
245 _aCommentaries on the customs act, 1962. Vol.II
250 _a6th
260 _aDelhi
_bDelhi Law House
_c1997
300 _a2144p
_b
_ccxiv
365 _bRs.1,200 set
650 _a1.Customs Act - Commentary
700 _a
_a
999 _c13513
_d13513